000 00547nam a22001937a 4500
003 OSt
005 20151012165444.0
008 150211b xxu||||| |||| 00| 0 eng d
040 _cBMC
082 _a853
100 1 _931549
_aSalgari, Emilio
_d1862-1911
245 1 3 _aEl corsario negro
_cEmilio Salgari ; [Traducción, María Teresa Díaz]
260 _aBarcelona
_bBruguera
_c1974
300 _a409 p.
_b20 cm
490 _aCírculo de Lectores
650 2 4 _929384
_aNovela italiana
700 1 _931550
_aDíaz, María Teresa
942 _2ddc
_cBK
999 _c18451
_d18451